<?xml version="1.0" encoding="UTF-8"?>
<marc:record xmlns:marc="http://www.loc.gov/MARC21/slim">
   <marc:leader>00000nam a2200000 a 4500</marc:leader>
   <marc:datafield ind1="1" ind2=" " tag="100">
      <marc:subfield code="a">Terwitte, Paulus</marc:subfield>
      <marc:subfield code="4">aut</marc:subfield>
      <marc:subfield code="e">Verfasser/-in</marc:subfield>
   </marc:datafield>
   <marc:datafield ind1=" " ind2=" " tag="653">
      <marc:subfield code="a">Ordensleben</marc:subfield>
   </marc:datafield>
   <marc:datafield ind1=" " ind2=" " tag="653">
      <marc:subfield code="a">Christ</marc:subfield>
   </marc:datafield>
   <marc:datafield ind1=" " ind2=" " tag="653">
      <marc:subfield code="a">Lebensführung</marc:subfield>
   </marc:datafield>
   <marc:datafield ind1=" " ind2=" " tag="653">
      <marc:subfield code="a">Religion/Christliche Religionen</marc:subfield>
   </marc:datafield>
   <marc:datafield ind1="0" ind2="0" tag="245">
      <marc:subfield code="a">Das Leben findet heute statt!</marc:subfield>
   </marc:datafield>
   <marc:datafield ind1="0" ind2="0" tag="245">
      <marc:subfield code="b">ein Anschlag auf die Vertröstungsgesellschaft</marc:subfield>
   </marc:datafield>
   <marc:datafield ind1="0" ind2="0" tag="245">
      <marc:subfield code="c">Paulus Terwitte</marc:subfield>
   </marc:datafield>
   <marc:datafield ind1=" " ind2="1" tag="264">
      <marc:subfield code="a">Reinbek bei Hamburg</marc:subfield>
      <marc:subfield code="b">Rowohlt</marc:subfield>
      <marc:subfield code="c">2009</marc:subfield>
   </marc:datafield>
   <marc:datafield ind1=" " ind2=" " tag="250">
      <marc:subfield code="a">1. Aufl.</marc:subfield>
   </marc:datafield>
   <marc:datafield ind1="1" ind2=" " tag="520">
      <marc:subfield code="a">Angaben aus der Verlagsmeldung

Das Leben findet heute statt! : Ein Anschlag auf die Vertröstungsgesellschaft / von Paulus Terwitte

Jenseits von heute schient alles so viel besser. Wir beladen uns mit unzähligen Vorstellungen vom richtigen Leben, so dass wir keinen Schritt vorankommen.

In der lebenspraktischen Tradition seines Ordens öffnet Bruder Paulus mit dem Seziermesser die dünne Haut der deutschen Vertröstungsgesellschaft und entlarvt ihre Standardsätze als billige Entschuldigung, nicht heute zu leben: "Lieber lebt Deutschland in einer riesigen Pause. Wir reden uns ein, dass das Eigentliche noch aussteht und wir uns deswegen auch hier und heute nicht zu engagieren brauchen."

Auf einem Rundgang durch sein Kloster - von der Pforte bis in die Zelle - macht Bruder Paulus deutlich, wie unsere Vorstellungen uns lähmen, und zeigt, wie wir es schaffen können, das Leben stattdessen endlich anzupacken.
</marc:subfield>
   </marc:datafield>
   <marc:datafield ind1=" " ind2=" " tag="020">
      <marc:subfield code="a">9783498006594</marc:subfield>
      <marc:subfield code="9">9783498006594</marc:subfield>
   </marc:datafield>
   <marc:datafield ind1=" " ind2=" " tag="041">
      <marc:subfield code="a">ger</marc:subfield>
   </marc:datafield>
   <marc:datafield ind1=" " ind2=" " tag="300">
      <marc:subfield code="a">222 S.</marc:subfield>
   </marc:datafield>
</marc:record>
